Mladé Slovensko časopis slovenskej mládeže

Bibliographic Details
Format: Journal
Language:Slovak
PhysicalDescription:10 roč. 23-30 cm
Published: [S.l.] Ľ. Izák 1919-1933
[Bratislava] Organizácia Mladého Slovenska
[s.l.] Ústredný sväz československého študentstva
Praha Sväz slovenského študentstva
Bratislava Jozef Lettrich
1/1932-10/1933 Bratislava
Subjects:

MARC

LEADER 00000cas a2200000 a 4500
001 vtls010298202
003 SK-MaSNL
005 20260228162529.0
008 200401d19191933xr mr|p 0 b0slo
040 |a SNK  |b slo  |c SNK  |e AACR2 
041 0 |a slo 
044 |a xo  |c SK  |a xr  |c CZ 
072 7 |a 82-1/-8  |x Literatúra rôznych foriem a žánrov (o nej)  |2 konspekt 
072 7 |a 72/76  |x Výtvarné umenie  |2 konspekt 
072 7 |a 37  |x Výchova a vzdelávanie  |2 konspekt 
072 7 |a 792  |x Divadlo. Divadelné predstavenia  |2 konspekt 
072 7 |a 316.3  |x Globálne spoločnosti. Sociálna štruktúra. Sociálne skupiny  |2 konspekt 
080 |a 82-1/-8  |2 2001 
080 |a 72/76  |2 2001 
080 |a 37  |2 2001 
080 |a 792  |2 2001 
080 |a 316.3  |2 2001 
245 0 0 |a Mladé Slovensko  |b časopis slovenskej mládeže 
260 |a [S.l.]  |b Ľ. Izák  |c 1919-1933 
260 2 |3 8/1919-3/1920  |a [Bratislava]  |b Organizácia Mladého Slovenska 
260 2 |3 4/1920- 6/1920  |a [s.l.]  |b Ľ. Izák 
260 2 |3 1/1921-9/1921  |a Praha  |b Ústredný sväz československého študentstva 
260 2 |3 1/1922-6/1929  |a Bratislava  |b Sväz slovenského študentstva 
260 3 |a 1/1932-10/1933  |a Bratislava  |b Jozef Lettrich 
300 |a 10 roč.  |c 23-30 cm 
310 |a 1x mesačne  |b 1928-1933 
321 |a 10x mesačne  |b 1/IV 1921-1925 
321 |a 1x mesačne  |b 1919-1920 
362 0 |a Roč. I, č. 1 (1919)-roč. IX, č. 6 (1929) ; roč. I(X), č.1-2 (okt. 1932)-č.10 (jún 1933) 
500 |a Zmena podnázvu: od 1/II (1920) revue slovenskej mládeže; od 1/IV (1921) revue slovenskej mládeže a orgán Sväzu slovenského študentstva; od 1/VIII (1928) literárny mesačník; od 1/IX (1929) časopis mladej slovenskej inteligencie; od 1932-1933 bez podnázvu 
500 |a Redaktori sa menia 
515 |a V rokoch 1926-1927, 1930-1931 nevychádzal 
525 |a Mal príl. Zprávy sväzu slovenského študentstva, Organizačný vestník sväzu slovenských študentov 
650 0 7 |a literatúra  |2 SNKPH  |9 1427 
650 0 7 |a študenti  |2 SNKPH  |9 3979 
650 0 7 |a umenie  |2 SNKPH  |9 1060 
655 7 |a špecializované časopisy  |2 SNKBUDS  |9 70509 
655 7 |a časopisy pre mládež  |2 SNKPH  |9 70792 
910 |a snk 
916 |a 1920-1933 
958 |a OND 
999 |c 8007  |d 9937 
952 |0 0  |1 0  |4 0  |7 0  |8 3  |a SNK  |b SNK  |d 2011-03-17  |i snkČSK 432/56  |l 0  |o snkČSB 115/4/1921-22 D1  |p 17A0693531  |r 2026-02-21 19:56:40  |t č. 1-10  |w 2026-02-21  |y PREZ 
952 |0 0  |1 0  |4 0  |7 0  |8 3  |a SNK  |b SNK  |d 2011-03-17  |i snkČSK 431/56  |l 0  |o snkČSB 115/3/1920-21 D1  |p 17A0693534  |r 2026-02-21 19:56:40  |t č. 1-9  |w 2026-02-21  |y PREZ 
952 |0 0  |1 0  |4 0  |7 0  |a SNK  |b SNK  |d 2011-03-24  |i snk1958/46  |l 0  |o snkČSB 115/6/1924 D1  |p 17A0692265  |r 2026-02-21 19:56:54  |t č. 1-10  |w 2026-02-21  |y PREZ 
952 |0 0  |1 0  |4 0  |7 0  |a SNK  |b SNK  |d 2011-05-16  |l 0  |o snkČSB 115/2/1920 D1  |p 17A0699644  |r 2026-02-21 19:57:16  |t č. 1-4, neúplné  |w 2026-02-21  |y PREZ  |z chýba č. 5-7 
952 |0 0  |1 0  |4 0  |7 0  |8 5  |a SNK  |b SNK  |d 2011-06-23  |i snkF 221/79  |l 0  |o snkČSB 115/8/1928 D2  |p 17A0698050  |r 2026-02-21 20:06:43  |t č. 1-10  |w 2026-02-21  |y PREZ 
952 |0 0  |1 0  |4 0  |7 0  |8 5  |a SNK  |b SNK  |d 2011-07-06  |i snkF 1600/93  |l 0  |o snkČSB 115/3/1920-21 D2  |p 17A0698827  |r 2026-02-21 20:06:46  |t č. 1-9  |w 2026-02-21  |y PREZ 
952 |0 0  |1 0  |4 0  |7 0  |8 1  |a SNK  |b SNK  |d 2011-07-07  |i snkVI. 164/55  |l 0  |o snkČSB 115/5/1922-23 D1  |p 17A0698692  |r 2026-02-21 20:16:52  |t č. 1 - 10  |w 2026-02-21  |y PREZ 
952 |0 0  |1 0  |4 0  |7 0  |a SNK  |b SNK  |d 1997-12-11  |l 0  |o snkČSB 115/1(10)/1932-33 D1  |p 17A0114474  |r 2005-01-02 00:00:00  |t č. 1-10  |w 2026-02-21  |y PREZ 
952 |0 0  |1 0  |4 0  |7 0  |a SNK  |b SNK  |d 2001-07-18  |f 1  |i snk754/34  |l 0  |o snkČSB 115/1(10)/1932-33  |p 17A0306671  |r 2005-01-02 00:00:00  |t č. 1-10  |w 2026-02-21  |y PREZ 
952 |0 0  |1 0  |4 0  |7 0  |a SNK  |b SNK  |d 1998-02-17  |f 1  |i snk177/29  |l 0  |o snkČSB 115/7/1925  |p 17A0124922  |r 2005-01-02 00:00:00  |t č. 1-6  |w 2026-02-21  |y PREZ 
952 |0 0  |1 0  |4 0  |7 0  |a SNK  |b SNK  |d 1998-02-17  |f 1  |i snk173/29  |l 0  |o snkČSB 115/3/1920-1921  |p 17A0124989  |r 2005-01-02 00:00:00  |t  č. 1-9  |w 2026-02-21  |y PREZ 
952 |0 0  |1 0  |4 0  |7 0  |a SNK  |b SNK  |d 1998-02-17  |i snk174/29  |l 0  |o snkČSB 115/4/1921-22 D2  |p 17A0124965  |r 2005-01-02 00:00:00  |t č. 1-10  |w 2026-02-21  |y PREZ 
952 |0 0  |1 0  |4 0  |7 0  |a SNK  |b SNK  |d 1998-02-17  |f 1  |i snk175/29  |l 0  |o snkČSB 115/5/1922-23  |p 17A0124930  |r 2005-01-02 00:00:00  |t č. 1-10  |w 2026-02-21  |y PREZ 
952 |0 0  |1 0  |4 0  |7 0  |a SNK  |b SNK  |d 2001-02-06  |f 1  |l 0  |o snkČSB 115/2/1920  |p 17A0172260  |r 2005-01-02 00:00:00  |t č. 1-7  |w 2026-02-21  |y PREZ 
952 |0 0  |1 0  |4 0  |7 0  |8 3  |a SNK  |b SNK  |d 2001-03-08  |f 1  |i snkK 2818/66  |l 0  |o snkČSB 115/9/1929   |p 17A0267858  |r 2005-01-02 00:00:00  |t č. 1-6, neúplné  |w 2026-02-21  |y PREZ  |z chýba č. 7-10 
952 |0 0  |1 0  |4 0  |7 0  |a SNK  |b SNK  |d 1998-08-12  |l 0  |o snkČSB 115/1/1919  |p 17A0155030  |r 2005-01-02 00:00:00  |t č. 1-11  |w 2026-02-21  |y PREZ 
952 |0 0  |1 0  |4 0  |7 0  |a SNK  |b SNK  |d 2003-11-06  |i snkVI. 158/55  |l 0  |o snkČSB 115/7-8/1925-1928 D1  |p 17A0402394  |r 2005-01-02 00:00:00  |t č. 1-6, 1-10  |w 2026-02-21  |y PREZ  |z Roč. 7: č. 1-6, Roč. 8: č. 1-10 
952 |0 0  |1 0  |4 0  |7 0  |a SNK  |b SNK  |d 2003-11-06  |l 0  |o snkČSB 115/7/1925 D2  |p 17A0402395  |r 2005-01-02 00:00:00  |t č. 1-6  |w 2026-02-21  |y PREZ  |z č. 1-6 
952 |0 0  |1 0  |4 0  |7 0  |a SNK  |b SNK  |d 1998-09-29  |f 1  |i snk140/29  |l 0  |o snkČSB 115/8/1928  |p 17A0162740  |r 2005-01-02 00:00:00  |t č. 1-10 + príl.  |w 2026-02-21  |y PREZ  |z 2 prílohy: Zprávy Sväzu slovenského študentstva 
952 |0 0  |1 0  |4 0  |7 0  |8 5  |a SNK  |b SNK  |d 2014-07-01  |f 1  |i snkF 218/19  |l 0  |o snkČSB 115/4/1921-22  |p 17A1095367  |r 2026-02-21 21:25:09  |t č. 1-10  |w 2026-02-21  |y PREZ 
952 |0 0  |1 0  |4 0  |7 0  |8 1  |a SNK  |b SNK  |d 2014-07-01  |i snk162/55  |l 0  |o snkČSB 115/4/1921-22 D3  |p 17A1095368  |r 2026-02-21 21:25:10  |t č. 4-5  |w 2026-02-21  |y PREZ 
952 |0 0  |1 0  |4 0  |7 0  |a SNK  |b SNK  |d 1997-01-10  |f 1  |i snk176/29  |l 0  |o snkČSB 115/6/1924  |p 17A0029705  |r 2005-01-01 00:00:00  |t č. 1-10  |w 2026-02-21  |y PREZ